| 000 | 02456nam a2200673 i 4500 | ||
|---|---|---|---|
| 001 | 25267 | ||
| 003 | KOSZ 005 | ||
| 005 | 20230209102030.0 | ||
| 008 | 190701s1991 pl a f 001 0 pol | ||
| 015 | _aPB 1992/2203 | ||
| 020 | _a8321335012 | ||
| 035 | _a991001250399705066 | ||
| 035 | _a(PL-WaBN)b10365813-48omnis_nlop | ||
| 035 | _ab10365813 | ||
| 035 | _a(OCoLC)751248285 | ||
| 035 | _a(PL)b0000001036581 | ||
| 035 | _a(EXLNZ-48OMNIS_NETWORK)9910347634905606 | ||
| 040 |
_aWA N _cWA N _dKOSZ 005/RW |
||
| 046 | _k1991 | ||
| 080 | _a628.1 | ||
| 080 | _a628.16 | ||
| 080 | _a628.2 | ||
| 245 | 0 | 0 |
_aWodociągi i kanalizacja : _bpodstawy projektowania i eksploatacja : poradnik : praca zbiorowa / _cpod kierunkiem Marka Romana ; autorzy Marek Badowski [et al.]. |
| 250 | _aWydanie 2. | ||
| 260 |
_aWarszawa : _b"Arkady", _c1991. |
||
| 300 |
_a496 stron : _bilustracje ; _c21 cm. |
||
| 336 |
_aTekst _btxt _2rdacontent |
||
| 337 |
_aBez urządzenia pośredniczącego _bn _2rdamedia |
||
| 338 |
_aWolumin _bnc _2rdacarrier |
||
| 380 | _aKsiążki | ||
| 380 | _aPublikacje fachowe | ||
| 388 | _a1901-2000 | ||
| 500 | _aNa stronie redakcyjnej zbędny ISBN części. | ||
| 504 | _aBibliografia przy rozdziałach. Indeks. | ||
| 658 | _aInżynieria i technika | ||
| 658 | _aArchitektura i budownictwo | ||
| 650 | 7 | _aProjektowanie | |
| 650 | 7 | _aObsługa i eksploatacja | |
| 655 | 7 | _aPraca zbiorowa | |
| 650 | 7 |
_aKanalizacja _2DBN |
|
| 650 | 7 |
_aWodociąg _2DBN |
|
| 655 | 7 | _aPoradnik | |
| 700 | 1 |
_aDziembowski, Zygmunt _d(1921- ). _eAutor |
|
| 700 | 1 |
_aMiłaszewicz-Kicińska, Wanda. _eAutor |
|
| 710 | 2 |
_aWydawnictwo Arkady _4pbl |
|
| 700 | 1 |
_aBłaszczyk, Wacław _d(1932- ) _eAutor |
|
| 700 | 1 |
_aStamatello, Henryk _d(1901-1997) _eAutor |
|
| 700 | 1 |
_aPląskowski, Zbigniew _d(1921-2009) _eAutor |
|
| 700 | 1 |
_aOsuch-Pajdzińska, Elżbieta _eAutor |
|
| 700 | 1 |
_aBłaszczyk, Paweł _d(1932- ) _eAutor |
|
| 700 | 1 |
_aNowakowska-Błaszczyk, Alina _eAutor |
|
| 700 | 1 |
_aHeidrich, Zbigniew _eAutor |
|
| 700 | 1 |
_aBiedugnis, Stanisław _eAutor |
|
| 700 | 1 |
_aRoman, Marek _d(1931-2003) _eRedakcja |
|
| 700 | 1 |
_aBadowski, Marek _eAutor |
|
| 856 |
_uhttp://koha.tu.koszalin.pl/cgi-bin/koha/opac-detail.pl?biblionumber=25267 _yKatalog online BPK |
||
| 942 |
_2UKD _cKS |
||
| 999 |
_c25267 _d25267 |
||